000
00349 a2200169 4500
001
166621
020
_a
85-16-01596-3
040
_c
Magnum
100
_a
Carrasco, Walcyr
240
1
0
_a
Estrelas tortas
_l
por
245
1
0
_a
Estrelas tortas
300
_a
95
362
0
_a
2000
440
1
_a
Moderna
697
_a
LITERATURA JUVENIL
942
_c
BK
999
_c
166621
_d
166621